Domluvte se s PC. Uživatelská příručka pro práci s počítači IBM PC XT/AT a kompatibilními /

Uložené v:
Podrobná bibliografia
Hlavný autor: Novák, Petr (Autor)
Médium: Kniha
Jazyk:Czech
Vydavateľské údaje: Ostrava : Baloušek, 1991
Vydanie:2.vyd.
Predmet:
Tagy: Pridať tag
Žiadne tagy, Buďte prvý, kto otaguje tento záznam!

MARC

LEADER 00000nam a22000003a 4500
001 stu31005
005 20150617225735.2
008 930217s1991----xr------------------cze-d
020 |a 80-900362-0-1 
040 |a STU  |b slo 
041 0 |a cze 
044 |a xr 
080 |a 681.3 
100 1 |a Novák, Petr  |4 aut 
245 1 |a Domluvte se s PC. Uživatelská příručka pro práci s počítači IBM PC XT/AT a kompatibilními /  |c [aut.] Novák,Petr 
250 |a 2.vyd. 
260 |a Ostrava :  |b Baloušek,  |c 1991 
300 |a 120 s 
650 7 |a Počítače-základy  |2 stusub 
996 |b 284J014337  |c J*87133  |l JJSK  |s A  |a 24  |w stu31005_0001 
996 |b 284J021551  |c J*87140  |l JJSK  |s A  |a 24  |w stu31005_0002 
996 |b J87689  |c J*87689  |l JJK18  |s P  |a 0  |w stu31005_0003 
996 |b J88159  |c J*88159  |l JJK3  |s P  |a 0  |w stu31005_0004 
996 |b J88226  |c J*88226  |l JJK3  |s P  |a 0  |w stu31005_0005 
996 |b J88298  |c J*88298  |l JJK3  |s P  |a 0  |w stu31005_0006 
996 |b J88321  |c J*88321  |l JJK14  |s P  |a 0  |w stu31005_0007 
996 |b J88227  |c J*88227  |l JJK3  |s P  |a 0  |w stu31005_0008